000 00424nam a22001697a 4500
005 20180717153101.0
008 160525b xxu||||| |||| 00| 0 eng d
020 _a0-7069-9898-7
041 _aeng
082 _b4883
_a658.1511
100 _aPandey, I.M.
_94540
245 _aEssentials of Mgt. Accounting
260 _aNew Delhi
_bAcademic Faundation
_c2003
300 _a410p,
650 _aManagement
_9241
942 _cBK
999 _c1701
_d1700